Normal view
MARC view
- Khalid, Benish
Entry Personal Name
001 - CONTROL NUMBER
- control field: 19231
003 - CONTROL NUMBER IDENTIFIER
- control field: NUST
005 - DATE AND TIME OF LATEST TRANSACTION
- control field: 20190809051731.0
008 - FIXED-LENGTH DATA ELEMENTS
- fixed length control field: 190809|| aca||aabn | a|a d
040 ## - CATALOGING SOURCE
- Original cataloging agency: NUST
- Transcribing agency: NUST
100 ## - HEADING--PERSONAL NAME
- Personal name: Khalid, Benish
670 ## - SOURCE DATA FOUND
- Source citation: Work cat.: (NUST): Khalid, Benish, HR'S ROLE IN ACQUISITION:, 2014.
